Kỹ thuật sản xuất giống tôm sú chất lượng cao

Sách giới thiệu những kỹ thuật sản xuất giống và nuôi tôm sú nhằm đạt kết quả chất lượng cao.

Guardat en:
Dades bibliogràfiques
Autor principal: Phạm, Văn Tình
Format: Llibre
Idioma:Undetermined
Publicat: Thành phố Hồ Chí Minh Nông nghiệp 2002
Matèries:
Etiquetes: Afegir etiqueta
Sense etiquetes, Sigues el primer a etiquetar aquest registre!
Thư viện lưu trữ: Trung tâm Học liệu Trường Đại học Cần Thơ
LEADER 00749nam a2200205Ia 4500
001 CTU_161162
008 210402s9999 xx 000 0 und d
020 |c 6500 
082 |a 639.6 
082 |b T312 
100 |a Phạm, Văn Tình 
245 0 |a Kỹ thuật sản xuất giống tôm sú chất lượng cao 
245 0 |c Phạm Văn Tình 
260 |a Thành phố Hồ Chí Minh 
260 |b Nông nghiệp 
260 |c 2002 
520 |a Sách giới thiệu những kỹ thuật sản xuất giống và nuôi tôm sú nhằm đạt kết quả chất lượng cao. 
650 |a Fish culture,Shrimps 
904 |i Giang 
980 |a Trung tâm Học liệu Trường Đại học Cần Thơ